000 00594nam a2200229 a 4500
999 _c4916
_d4916
001 4916
003 BD-JhCC
005 20171206171817.0
008 171205s n a|||| |||| 001 0 eng d
035 _a(BD-JhCC)
040 _aBD-JhCC
_dBD-JhCC
041 _aeng
082 _a371.426871
_bTUS
100 _aF. E. Tustison,
245 _aMetalwork Essentials /
_cF. E. Tustison, Ray F. Kranzusch
260 _aAmerica :
_bThe Bruce Publishing Com,
300 _a176 p. :
_bill. ;
_c23 cm.
650 _aMetalwork
700 _aKranzusch, Ray F.
942 _2ddc
_cBK